000 00251nam a22000857a 4500
008 160819b xxu||||| |||| 00| 0 eng d
100 _9181
_a Felleman, H
245 _aThe Best Loved Poems of the American People
260 _aNew York
_bDouble day & Com
_c1936
999 _c2839
_d2839